Učitavanje...
Directory of book trade in India /
| Glavni autor: | |
|---|---|
| Format: | Printed Book |
| Jezik: | English |
| Izdano: |
National Guide Books Syndicate,
1973.
|
| LEADER | 00489nam a2200133Ia 4500 | ||
|---|---|---|---|
| 008 | 150624b xxu||||| |||| 00| 0 eng d | ||
| 082 | |a 381.4568561 | ||
| 100 | |a Sharma, Jai Kishore | ||
| 245 | |a Directory of book trade in India / |c Jai Kishore Sharma | ||
| 260 | |b National Guide Books Syndicate, |c 1973. | ||
| 300 | |a 653 p. | ||
| 942 | |c REF | ||
| 999 | |c 18292 |d 18292 | ||
| 952 | |0 0 |1 0 |4 0 |6 381_456856095400000_SHA_D |7 0 |9 18291 |a UL |b UL |c Ref2 |d 1998-09-01 |l 0 |o 381.4568560954 SHA/D |p 27769 |r 2012-10-27 |w 2012-10-27 |y REF | ||